000 01530cam a2200397 i 4500
001 13715227
003 EG-ScBUE
005 20241117104656.0
006 m||||fq||h 00| 0
008 040910t2006 maua f b 001 0 eng d
020 _a0071244166
020 _a9780071244169
040 _aDLC
_beng
_erda
_cDLC
_dDLC
_dEG-ScBUE
082 0 4 _a519.5
_222
_bACZ
100 1 _aAczel, Amir D.,
_eauthor.
_93218
245 1 0 _aComplete business statistics /
_cAmir D. Aczel, Boston University, Jayavel Sounderpandian, University of Wisconsin-Parkside.
250 _aSixth edition.
250 _aMcGraw-Hill International edition.
264 1 _aBoston, Mass. :
_bMcGraw-Hill,
_c[2006]
264 4 _cc2006
300 _axxvii, 819 pages :
_bcolor illustrations ;
_c29 cm +
_e1 CD
336 _2rdacontent
_atext
_btxt
336 _2rdacontent
_asounds
_bsnd
337 _aunmediated
_2rdamedia
_bn
337 _aaudio
_2rdamedia
_bs
338 _avolume
_bnc
_2rdacarrier
338 _acomputer disc
_bcd
_2rdacarrier
504 _aIncludes bibliographical references and index.
650 7 _aCommercial statistics.
_2BUEsh
_93220
650 7 _aStatistics.
_2BUEsh
_93221
655 _vReading book
700 1 _aSounderpandian, Jayavel,
_eauthor.
_93222
856 4 1 _3Table of contents only
_uhttp://www.loc.gov/catdir/enhancements/fy0702/2004059542-t.html
942 _2ddc
_cBB
999 _c10638
_d10638